Dynamical systems with applications using Mathematica /
Guardado en:
| Autor Principal: | |
|---|---|
| Formato: | Libro |
| Idioma: | English |
| Publicado: |
Boston, Mass. :
Birkhäuser,
c2007.
|
| Materias: | |
| Etiquetas: |
Agregar Etiqueta
Sin Etiquetas, Sea el primero en etiquetar este registro!
|
| LEADER | 00931cam a22002657a 4500 | ||
|---|---|---|---|
| 001 | MAT.inmabb006461 | ||
| 008 | 070625s2007####maua#####b####001#0#eng## | ||
| 005 | 20130314173624.0 | ||
| 245 | 1 | 0 | |a Dynamical systems with applications using Mathematica / |c Stephen Lynch. |
| 260 | |a Boston, Mass. : |b Birkhäuser, |c c2007. | ||
| 300 | |a xv, 484 p. : |b il. ; |c 24 cm. | ||
| 504 | |a Incluye referencias bibliográficas e índice. | ||
| 510 | 4 | |a MR, |c 2008m:37001 | |
| 020 | |a 9780817644826 (pbk.) | ||
| 020 | |a 0817644822 (pbk.) | ||
| 020 | |a 9780817645861 (e-ISBN) | ||
| 020 | |a 0817645861 (e-ISBN) | ||
| 100 | 1 | |a Lynch, Stephen, |d 1964- | |
| 650 | 0 | |a Differentiable dynamical systems |x Data processing. | |
| 630 | 0 | 0 | |a Mathematica (Computer file) |
| 084 | |a 37-01 (34-01 34-04 34Cxx 37-04) |2 msc2000 | ||
| 010 | |a 2007931708 | ||
| 016 | 7 | |a 013590090 |2 Uk | |
| 040 | |a UKM |c UKM |d BAKER |d YDXCP |d BWX |d DLC | ||
| 859 | |h 37 |i L987h |p A-8663 |b BIB. MATEMATICA | ||
